LEADER 03815nas# 22002531i 450 001 UON00237152 005 20241114102937.958 017 70$2P$aP 00125804 100 $a20030730a1988 |0itac50 ba 101 $aita 102 $aIT 105 $a|||| 1|||| 110 $aaF||||||||| 200 1 $a Dimensioni e Problemi della Ricerca Storica$erivista del dipartimento di studi storici dal medioevo all'età contemporanea dell'Università "La Sapienza" di Roma 207 $a1988 - 1996 210 $aMilano$cFAE 215 $aSemestrale. Nel 1998 è ripresa la pubblicazione con l'editore Carocci, ma è stata sospesa con il n.2. La pubblicazione è ripresa nel 2000. 606 $aSTORIA$xPeriodici$3UONC035860$2FI 801 $aIT$bSOL$c20241115$gRICA 899 $aSIBA - SISTEMA BIBLIOTECARIO DI ATENEO$2UONSI$41988*2* 1989 > 1996*C* 1997(sospesa la pubblicazione) 1998*C* 1999 (sospesa la pubblicazione) 2000 - Le annate fino al 1989 sono depositate nei cantinati della Sezione Giusso. Le annate successive sono collocate presso la studio 2.10.$cRIV A 489 ; 912 $aUON00237152 950 $aSIBA - SISTEMA BIBLIOTECARIO DI ATENEO$bSI 1988*2* 1989 > 1996*C* 1997(sospesa la pubblicazione) 1998*C* 1999 (sospesa la pubblicazione) 2000 - Le annate fino al 1989 sono depositate nei cantinati della Sezione Giusso. Le annate successive sono collocate presso la studio 2.10.$dSI RIV A 489 2013 $eSI 6662 7 2013 $dSI RIV A 489 2012 $eSI 37403 6 2012 $sBuono$dSI RIV A 489 1989 $eSI SC 22622 7 1989 $dSI RIV A 489 1990 $eSI SC 22623 7 1990 $dSI RIV A 489 1991 $eSI SC 23058 7 1991 $dSI RIV A 489 1992 $eSI SC 25266 7 1992 $dSI RIV A 489 1993 $eSI SC 26466 7 1993 $dSI RIV A 489 1994 $eSI SC 27356 7 1994 $dSI RIV A 489 1995 $eSI SC 29530 7 1995 $dSI RIV A 489 1996 $eSI SC 30421 7 1996 $dSI RIV A 489 1998 $eSI SC 34588 7 1998 $dSI RIV A 489 2000 $eSI SC 36203 7 2000 $dSI RIV A 489 2002 $eSI SC 37718 7 2002 $dSI RIV A 489 2001 $eSI SC 37719 7 2001 $dSI RIV A 489 2003 $eSI SC 38475 7 2003 $dSI RIV A 489 2004 $eSI SC 39606 7 2004 $dSI RIV A 489 2005 $eSI SC 40781 7 2005 $dSI RIV A 489 2006 $eSI SC 42134 7 2006 $dSI RIV A 489 2008 $eSI SC 44422 7 2008 $dSI RIV A 489 2009 $eSI SC 45640 7 2009 996 $aDimensioni e problemi della ricerca storica$9629600 997 $aUNIOR